000 00859 a2200193 4500
003 Nust
005 20230131102801.0
040 _cNust
082 _a940.54,CHO
100 _aChurchill, Winston S
245 _aThe Second World War :
_bVol. III, V, VI, IV /
_cWinston S Churchill
250 _aVol. III, V, VI, IV
260 _aWellington
_bCassell & co
300 _a716:p
490 _v i,ii,iii,vi,v,iv
505 _aVol 1: From War to War (Page-3), The Twilight (Page-361), Vol 2: The Fall of France (Page-3), Alone (Page-281), Vol 3: Germany Drives East (Page-3) War Comes to America (Page-337), Vol 4: The on Slaught of Japan (Page-3) Africa Redeemed (Page-371), Vol 5: Italy Won (Page-3) Teheran to Rome (Page-287), Vol 6: The Tide of Victory (Page-3), The Iron Curtain (Page-287).
650 _aThe Second World War
_9108167
942 _2ddc
_cBK
999 _c187195
_d187195